Rosa AC Milan 2022/2023 - Statistics

Statistiche generali
  • Questo quiz è stato fatto 75 volte
  • Il punteggio medio è 23 su 31
Statistiche sulle risposte
N° di
maglia
Ruolo Giocatore Nazionalità % Corretto
2 Difensore Davide Calabria Italia
96%
4 Centrocampista Ismael Bennacer Algeria
96%
16 Portiere Mike Maignan Francia
96%
9 Attaccante Olivier Giroud Francia
96%
1 Portiere Ciprian Tatarusanu Romania
93%
11 Attaccante Zlatan Ibrahimovic Svezia
93%
12 Attaccante Ante Rebic Croazia
91%
10 Centrocampista Brahim Dìaz Spagna
91%
23 Difensore Fikayo Tomori Inghilterra
90%
17 Attaccante Rafael Leao Portogallo
90%
8 Centrocampista Sandro Tonali Italia
90%
24 Difensore Simon Kjaer Danimarca
90%
19 Difensore Theo Hernàndez Francia
86%
20 Difensore Pierre Kalulu Francia
83%
5 Difensore Fodé Ballo-Touré Senegal
80%
7 Centrocampista Yacine Adli Francia
78%
28 Difensore Malick Thiaw Germania
75%
83 Portiere Antonio Mirante Italia
74%
33 Centrocampista Rade Krunic Bosnia
74%
46 Difensore Matteo Gabbia Italia
70%
21 Difensore Sergino Dest Stati Uniti
70%
27 Attaccante Divock Origi Belgio
68%
56 Centrocampista Alexis Saelemaekers Belgio
65%
25 Difensore Alessandro Florenzi Italia
52%
14 Centrocampista Tièmouè Bakayoko Francia
52%
32 Centrocampista Tommaso Pobega Italia
52%
30 Centrocampista Junior Messias Brasile
51%
40 Centrocampista Aster Vranckx Belgio
48%
77 Portiere Devis Vàsquez Colombia
48%
22 Attaccante Marko Lazetic Serbia
45%
90 Attaccante Charles De Ketelaere Belgio
43%
Nessun quiz corrispondente trovato
Distribuzione punteggi
Percentuale di utenti per punteggio
Percentile per numero di risposta
I tuoi punteggi nel tempo
Non hai fatto questo quiz